| 000 | 004890000a22001930004500 | ||
|---|---|---|---|
| 003 | LK-CoMWRAF | ||
| 005 | 20231103141226.0 | ||
| 008 | 230817t ||||| |||| 00| 0 eng d | ||
| 040 |
_aLK-CoMWRAF _dLK-CoMWRAF _eLK-CoMWRAF |
||
| 041 | _aeng | ||
| 082 |
_a823 _bIFT |
||
| 100 | _aIfthikar, Furkhanbee | ||
| 245 | _aPirantha Mann | ||
| 260 |
_aSri Lanka (Rajagiriya) : _bThamil Manram, _c1999 |
||
| 300 | _a96p | ||
| 650 | _aCollection of Short Stories | ||
| 650 | _aTamil | ||
| 942 | _cBK | ||
| 999 |
_c1789 _d1789 |
||